| 000 | 00394 a2200169 4500 | ||
|---|---|---|---|
| 001 | 187861 | ||
| 020 | _a978-85-08-09232-1 | ||
| 040 | _cMagnum | ||
| 100 | _aTordjman, Nathalie | ||
| 240 | 1 | 0 |
_aConvivendo com a ecologia _lpor |
| 245 | 1 | 0 | _aConvivendo com a ecologia |
| 300 | _a55 | ||
| 362 | 0 | _a2004 | |
| 440 | 1 | _aÁtica | |
| 697 | _aLITERATURA INFANTO-JUVENIL ESTRANGEIRA | ||
| 942 | _cBK | ||
| 999 |
_c187861 _d187861 |
||